000 01099cam a22003137a 4500
003 CHAP
005 20220329140135.0
008 971013s1930 r 00010 d
010 _a47568
011 _a48540
035 _a52686
040 _cCHAP
090 _aTesis
100 0 0 _aVargas, José Octavio.
_9118128
245 0 _aEstudio del ante-proyecto de captación de aguas de la Barranca Honda para irrigar una parte de los terrenos del ejido de San Pedro Huaquilpan, Hgo.
260 _aChapingo, Méx. :
_bEl autor,
_c1930
300 _a15 p.
_b: ilus.
502 _aTesis (Ing. Agr. Esp. en Irrigación) -- ENA. Departamento de Irrigación
590 _aALEPH
_b10
_c20130110
_lUCH01
_h1317
590 _aBATCH-UPD
_b10
_c20130110
_lUCH01
_h1956
590 _aBATCH-UPD
_b10
_c20130410
_lUCH01
_h1317
590 _aBATCH-UPD
_b10
_c20130914
_lUCH01
_h1657
590 _aCONVERSION
_b10
_c20130109
_lUCH01
_h1326
650 1 4 _aAgua
_xAprovechamiento.
_92282
650 1 4 _aIrrigación
_xProyectos
_xHidalgo.
_960455
901 _aBK
942 _cTESIS
949 _bBC
_cTES
_d-117233
_eTS1
_i52686
_si
999 _c47568
_d47568